000 00389nam a2200157Ia 4500
003 IN-BaIIA
008 211028s9999 xx 000 0 eng d
040 _cIIA Library
080 _a52
_bKAP
100 _aKapteyn, J. C.
_91210
245 0 _aPlan of selected areas
_cJ. C. Kapteyn
260 _aGroningen
_bHoitsema Brothers
_c1923
300 _a79p.
650 _aAstronomy
_980
942 _cBK
999 _c534
_d534